La base (Record no. 211174)
[ view plain ]
| 000 -CABECERA | |
|---|---|
| campo de control de longitud fija | 00548cam a22001817a 4500 |
| 003 - IDENTIFICADOR DEL NÚMERO DE CONTROL | |
| campo de control | MX-MxUPN |
| 005 - FECHA Y HORA DE LA ÚLTIMA TRANSACCIÓN | |
| campo de control | 20250306063759.0 |
| 008 - ELEMENTOS DE LONGITUD FIJA--INFORMACIÓN GENERAL | |
| campo de control de longitud fija | 240426s1976 mx| |||fr|||| 000 0 spa d |
| 040 ## - FUENTE DE LA CATALOGACIÓN | |
| Centro catalogador/agencia de origen | MX-MxUPN |
| Lengua de catalogación | spa |
| 050 #4 - SIGNATURA TOPOGRÁFICA DE LA BIBLIOTECA DEL CONGRESO | |
| Número de clasificación | PQ8097 D44 |
| Número de documento/Ítem | B37 1976 |
| 100 1# - ASIENTO PRINCIPAL--NOMBRE PERSONAL | |
| 9 (RLIN) | 32398 |
| Nombre de persona | Délano, Luis Enrique, |
| Fechas asociadas al nombre | 1907-1985 |
| 245 13 - MENCIÓN DE TÍTULO | |
| Título | La base |
| 260 ## - PUBLICACIÓN, DISTRIBUCIÓN, ETC. | |
| Lugar de publicación, distribución, etc. | [México] : |
| Nombre del editor, distribuidor, etc. | Universidad Autónoma de Sinaloa, |
| Fecha de publicación, distribución, etc. | 1976. |
| 300 ## - DESCRIPCIÓN FÍSICA | |
| Extensión | 138 paginas |
| 650 #4 - ASIENTO SECUNDARIO DE MATERIA - TERMINO TEMATICO | |
| Término de materia o nombre geográfico como elemento de entrada | Novela chilena |
| Subdivisión cronológica | Siglo XX |
| 9 (RLIN) | 43623 |
| 902 ## - ELEMENTOS DE DATOS B LOCAL, LDB (RLIN) | |
| Creó | Daniela Badillo 26-04-24 |
| Modificó | VíctorGodínez/080824 |
| 942 ## - ELEMENTOS DE PUNTO DE ACCESO ADICIONAL (KOHA) | |
| Fuente del sistema de clasificación o colocación | Library of Congress Classification |
| Tipo de ítem Koha | Formato Digital |
| Estado de retiro | Estado de pérdida | Fuente del sistema de clasificación o colocación | Estado dañado | No para préstamo | Código de colección | Localización permanente | Ubicación/localización actual | Fecha de adquisición | Clasificación | Fecha visto por última vez | Precio válido a partir de | Tipo de ítem Koha |
|---|---|---|---|---|---|---|---|---|---|---|---|---|
| Library of Congress Classification | Colección General | Bib. Gregorio Torres Quintero | Bib. Gregorio Torres Quintero | 26/04/2024 | PQ8097 D44 B37 1976 | 26/04/2024 | 26/04/2024 | Libro |
